Statistics for Capital Names Created by Only 4 Letters

Click here to take the quiz!

General Stats

  • This quiz has been taken 17,919 times
    (2,668 since last reset)
  • The average score is 18 of 27

Answer Stats

Letters Capital % Correct
E I K VKiev
90%
E M O RRome
89%
A B K UBaku
87%
K O T YTokyo
86%
A I L MLima
85%
A G I RRiga
81%
A R S WWarsaw
80%
A B J UAbuja
77%
D L N OLondon
76%
A B J UJuba
74%
B E N RBern
74%
A D H ODoha
72%
A D H KDhaka
71%
A D K RDakar
71%
A S U VSuva
65%
A B R TRabat
64%
A H N VHavana
63%
A K N RAnkara
62%
A O T WOttawa
56%
A C R SCaracas
55%
E L M OLome
54%
A E L MMale
52%
A I P RPraia
41%
A E H RHarare
41%
A D M ODodoma
39%
A M R SAsmara
37%
A N S UNassau
36%

Score Distribution

Percentile by Number Answered

Percent of People with Each Score

Your Score History

You have not taken this quiz since the last reset